000 00305nam a2200121Ia 4500
008 220204s9999 xx 000 0 und d
082 _a338.5
_bNAI;1
100 _aNAIK, A S
245 0 _aEffects of futures trading on prices
260 _aBombay
_bSomaiya
_c1970
650 _aFutures trading
942 _cBK
999 _c36984
_d36984